Word Ladder: You Can Be My Wingman Anytime Quiz Stats

 Plays Quiz Updated Oct 22, 2018

Score 0/30 Timer 04:00
1 Play Today
Hint 3-Letter Word % Correct
• A weapon that shoots bullets •• GUN •
98.4%
A young or newborn dogPUP
98.1%
• Frozen water •• ICE •
97.8%
• 'One small step for ___, one giant leap for ___kind' •• MAN •
96.2%
A particular play on wordsPUN
95.6%
The result of three strikes in baseballOUT
95.4%
TaxiCAB
95.1%
Place where science is doneLAB
94.9%
One of two organs used for hearingEAR
94.7%
• Highest point •• TOP •
94.7%
An offer of money at an auctionBID
94.3%
Poor in qualityBAD
92.3%
A type of high fly ball hit in baseballPOP
92.3%
Skilled pilotACE
92.1%
Prohibit or forbid use of an objectBAN
91.7%
Hint 3-Letter Word % Correct
The alimentary canalGUT
91.1%
A period of time (especially in a geologic sense)ERA
90.6%
• Make a mistake •• ERR •
90.4%
Provide helpAID
90.2%
Common family conveyanceCAR
89.8%
A portion of a theatrical productionACT
89.1%
Intense angerIRE
88.2%
A lode-bearing mineral or rockORE
85.5%
One of the Gershwin brothersIRA
82.9%
A small island, especially in a riverAIT
82.3%
A morsel of food leftover after a mealORT
82%
• A singular Dallas NBA player •• MAV •
79.8%
A bathroom, colloquiallyLAV
78.8%
Irritate or annoyIRK
75.5%
• An expression of distaste •• ICK •
60.8%

Today's Daily Dose

You're not logged in!

Compare scores with friends on all Sporcle quizzes.
OR
Log In

Sporcle TV

Today on Sporcle TV


Watch our educational content, quiz creation guides, and fun videos on Sporcle TV.

Show Comments

Extras

Top Quizzes Today


Score Distribution

Your Account Isn't Verified!

In order to create a playlist on Sporcle, you need to verify the email address you used during registration. Go to your Sporcle Settings to finish the process.

Report this User

Report this user for behavior that violates our Community Guidelines.

Details: